Welcome to the Holygrace Academy Library

Please use search bar below to get started

BIG BANG (Record no. 2166)

MARC details
000 -LEADER
fixed length control field 00301nam a22001337a 4500
020 ## - INTERNATIONAL STANDARD BOOK NUMBER
ISBN 978-1-84422-483-8
082 ## - DEWEY DECIMAL CLASSIFICATION NUMBER
Classification number 823
Item number REA/L
100 ## - MAIN ENTRY--AUTHOR NAME
Personal name READER COLLIN
245 ## - TITLE STATEMENT
Title BIG BANG
Remainder of title LITTLE RED TRACTOR
260 ## - PUBLICATION, DISTRIBUTION, ETC. (IMPRINT)
Place of publication LONDON
Name of publisher LADY BIRD
300 ## - PHYSICAL DESCRIPTION
Number of Pages 29
650 ## - SUBJECT ADDED ENTRY--TOPICAL TERM
Topical Term ENGLISH SHORT STORY
Geographic subdivision UK
942 ## - ADDED ENTRY ELEMENTS (KOHA)
Koha item type Books
Holdings
Withdrawn status Lost status Collection code Home library Current library Shelving location Date acquired Source of acquisition Full call number Accession Number Koha item type
    Fiction Main Library Main Library SHELF 3-B- LADY BIRD STORY BOOKS 09/05/2014 PURCHASE 823 REA/L 08746 Books
    Fiction Main Library Main Library SHELF 3-B- LADY BIRD STORY BOOKS 19/08/2029 PURCHASE 823 REA/L 09228 Books
    Fiction Main Library Main Library SHELF 3-B- LADY BIRD STORY BOOKS 19/03/2015 PURCHASE 823 REA/L 10977 Books
    Fiction Main Library Main Library SHELF 3-B- LADY BIRD STORY BOOKS 18/08/2029 PURCHASE 823 REA/L 06727 Books